000 01469nam a2200373 c 4500
003 BLK
005 20250529180153.0
008 180408b bul|||||r ||||||| ||bul||
010 _aKNG00080214000
020 _a954-01-2053-9
_bиздат.: Просвета - на том(т. 2)
040 _aBLK
041 _aBUL
_cBUL
080 _aБългарска литература
_b821.163.2
_x-1.09"19"
_z821.163.2-1.09"19"
100 _aДойнов, Пламен Иванов
_9369012
139 _aДойнов, Пламен Иванов
_bД 71
245 1 0 _aБългарската поезия в края на ХХ век
_bЧ. 1 - 2
_cПламен Иванов Дойнов.
_nЧ. 2
257 _aBGR
260 София
_c2007
_fСофия : Инвестпрес
300 _c20 см
380 _a82
490 1 _aНова българска критика
500 _aОфс. изд.
650 4 _aБългарска литература - критика
_9241969
653 _aбългарска литература
653 _aбългарска поезия
653 _aлитературна критика
760 1 _3- на том(т. 2)
_aДойнов, Пламен Иванов
_dПросвета, 2007
_h543 с.
_tЧ. 2
852 _aЦб 237526
856 4 _qpdf
_u
856 4 _qpdf
_u
942 _cKNG
_n0
_06
944 _aCR
_c19.12.2007
_k30576
_lЦветомила Тодорова
944 _aED
_c30.06.2009
_k
999 _c75792
_d75792